[Event "Abu Dhabi President Cup"]
[Site "Abu Dhabi"]
[Date "2017.12.27"]
[Round "7"]
[White "Sultan, Ibrahim"]
[Black "Ahmad, Al Romaithi"]
[Result "1-0"]
[WhiteElo "2117"]
[BlackElo "1643"]
[PlyCount "139"]
[EventDate "2017.12.22"]
[EventType "swiss"]
[EventRounds "9"]
[EventCountry "UAE"]
[SourceTitle "CBM 182 Extra"]
[Source "ChessBase"]
[SourceDate "2018.02.23"]
[SourceVersion "1"]
[SourceVersionDate "2018.02.23"]
[SourceQuality "1"]

1. d4 Nf6 2. c4 g6 3. Nc3 Bg7 4. e4 d6 5. Nge2 0-0 6. Ng3 c5 7. d5 e6 8. Be2 exd5 9. cxd5 Re8 10. 0-0 a6 11. a4 Nbd7 12. f4 Qc7 13. Be3 Nxe4 14. Ngxe4 f5 15. Ng5 Rxe3 16. Ne6 Qb6 17. Qd2 Bd4 18. Nxd4 cxd4 19. Nd1 Re7 20. a5 Qc5 21. b4 Qxd5 22. Nc3 Qe6 23. Qxd4 Qe3+ 24. Qxe3 Rxe3 25. Rf3 Rxf3 26. Bxf3 Nf6 27. Rd1 Ne8 28. Nd5 Be6 29. Nb6 Rb8 30. Rc1 Kf7 31. Bd1 Ke7 32. Ba4 d5 33. Kf1 Nf6 34. Bb3 Kd6 35. Rd1 Bf7 36. Nc4+ Kc7 37. Ne5 Be6 38. Rc1+ Kd6 39. Rd1 Rc8 40. Nc4+ Ke7 41. Nb6 Rd8 42. Rd4 Rd6 43. Na4 Ne4 44. Ke2 Rc6 45. Nb6 Nc3+ 46. Ke3 Kd6 47. Kd2 Nb5 48. Rd3 d4 49. Ba4 Ke7 50. Bxb5 axb5 51. Rxd4 Rd6 52. Ke3 Rxd4 53. Kxd4 Kd6 54. g3 h6 55. h3 Bf7 56. Nc8+ Kd7 57. Na7 Bc4 58. Kc5 Bf1 59. h4 Be2 60. Nxb5 Kc8 61. Nd6+ Kc7 62. Nf7 Kd7 63. Ne5+ Ke6 64. Nxg6 Bf3 65. Ne5 Bg2 66. b5 h5 67. a6 bxa6 68. bxa6 Ba8 69. a7 Bb7 70. Nc4 1-0

[Event "Abu Dhabi President Cup"]
[Site "Abu Dhabi"]
[Date "2017.12.22"]
[Round "1"]
[White "Ahmad, Al Romaithi"]
[Black "Zayed, Ali Al Hamed"]
[Result "0-1"]
[WhiteElo "1643"]
[BlackElo "1982"]
[PlyCount "68"]
[EventDate "2017.12.22"]
[EventType "swiss"]
[EventRounds "9"]
[EventCountry "UAE"]
[SourceTitle "CBM 182 Extra"]
[Source "ChessBase"]
[SourceDate "2018.02.23"]
[SourceVersion "1"]
[SourceVersionDate "2018.02.23"]
[SourceQuality "1"]

1. e4 e6 2. d4 d5 3. Nc3 Bb4 4. Nge2 dxe4 5. a3 Be7 6. Nxe4 Nf6 7. N2c3 Nxe4 8. Nxe4 0-0 9. Bc4 b6 10. 0-0 Bb7 11. f3 Nd7 12. Qe2 c5 13. dxc5 Nxc5 14. Bf4 Nxe4 15. fxe4 Qd4+ 16. Kh1 Qxb2 17. e5 Rad8 18. Rab1 Qd4 19. Rb3 Rc8 20. Bd3 g6 21. Bh6 Rfd8 22. Rf4 Qd5 23. Qf1 Bf8 24. Bg5 Rd7 25. Bf6 Bg7 26. h4 Bxf6 27. exf6 Qh5 28. Be2 Qh6 29. c4 Rd2 30. Rg4 Rcd8 31. Qf2 Qh5 32. Qe3 Qf5 33. Rf4 Rxe2 34. Rd4 Qf1+ 0-1